01184 a2200205 45000010006000000050017000060080041000230030015000640400040000790800022001192450122001410200018002632640048002813000019003295050549003481000018008977000023009157000018009387000022009563100020260407155618.0260407a1991 arg spa dAR-UNSa-BCEJYS aAR-UNSa-BCEJYSbspacAR-UNSa-BCEJYS a657xContabilidad10aPlan general de contabilidadpcomentarios y ejemplos prácticos -Guía contable para pequeños y medianas empresas a84-87510-17-5 1aMadrid :bEdiciones Ciencias Socialesc1991 a474 p.c22 cm. a1. Incidencia de la reforma mercantil en la contabilidad de la empresa - 2. Los principios contables en el nuevo plan general de contabilidad - 3. Comentarios al plan general de contabilidad - 4. Contabilización de las transacciones normales de un ejercicio de la pequeña empresa y mediana empresa - 5. Las cuentas anuales normales - 6. Las cuentas anuales abreviadas para la pequeña y mediana empresa - 7. Plazo de realización de las obligaciones jurídico contables de la empresa - 8. Texto íntegro del plan general de contabilidad1 aGonzalo, J.A.1 aLarriba, Alejandro1 aMallo, Carlos1 aTua Pereda, Jorge